Указания по расчетам экономической эффективности внедрения механизации и автоматизации в строительстве / (Record no. 525284)
[ view plain ]
| 000 -LEADER | |
|---|---|
| fixed length control field | 01389nam a2200241 a 4500 |
| 003 - CONTROL NUMBER IDENTIFIER | |
| control field | AM-YEHGA |
| 005 - DATE AND TIME OF LATEST TRANSACTION | |
| control field | 20250617164510.0 |
| 008 - FIXED-LENGTH DATA ELEMENTS--GENERAL INFORMATION | |
| fixed length control field | 220210s1962 ru |||||r|||||000|0|rus|| |
| 040 ## - CATALOGING SOURCE | |
| Original cataloging agency | AM-YeHGA |
| 041 0# - LANGUAGE CODE | |
| Language code of text/sound track or separate title | rus |
| 001 - CONTROL NUMBER | |
| control field | 1817919 |
| 090 ## - LOCALLY ASSIGNED LC-TYPE CALL NUMBER (OCLC); LOCAL CALL NUMBER (RLIN) | |
| -- | 532490 |
| 245 00 - TITLE STATEMENT | |
| Title | Указания по расчетам экономической эффективности внедрения механизации и автоматизации в строительстве / |
| Statement of responsibility, etc. | [Сост.: канд. техн. наук С.Е. Канторер] ; Акад. строительства и архитектуры СССР ; Науч.-исслед. ин-т экономики строительства. |
| 260 ## - PUBLICATION, DISTRIBUTION, ETC. | |
| Place of publication, distribution, etc. | Москва : |
| Name of publisher, distributor, etc. | Госстройиздат, |
| Date of publication, distribution, etc. | 1962. |
| 300 ## - PHYSICAL DESCRIPTION | |
| Extent | 134 c. ; |
| Dimensions | 21 см. |
| 650 14 - SUBJECT ADDED ENTRY--TOPICAL TERM | |
| Topical term or geographic name entry element | Строительные машины |
| 653 0# - INDEX TERM--UNCONTROLLED | |
| Uncontrolled term | Строительные работы - Автоматизация - Эффективность |
| 653 0# - INDEX TERM--UNCONTROLLED | |
| Uncontrolled term | Строительные работы - Механизация - Эффективность |
| 700 1# - ADDED ENTRY--PERSONAL NAME | |
| Personal name | Канторер, Соломон Евсеевич |
| Relator term | сост. |
| Relationship | com |
| 710 2# - ADDED ENTRY--CORPORATE NAME | |
| Corporate name or jurisdiction name as entry element | Академия строительства и архитектуры СССР |
| 710 2# - ADDED ENTRY--CORPORATE NAME | |
| Corporate name or jurisdiction name as entry element | Научно-исследовательский институт экономики строительства |
| 942 ## - ADDED ENTRY ELEMENTS (KOHA) | |
| Source of classification or shelving scheme | Universal Decimal Classification |
| Koha item type | Գրքեր / Books |
| Withdrawn status | Lost status | Damaged status | Not for loan | Collection | Home library | Current library | Date acquired | Total checkouts | Full call number | Barcode | Date last seen | Price effective from | Koha item type | Public note |
|---|---|---|---|---|---|---|---|---|---|---|---|---|---|---|
| General | Fundamental Scientific Library | Fundamental Scientific Library | 21/03/2022 | РII/72227 | FL0675497 | 21/03/2022 | 21/03/2022 | Գրքեր / Books | 30 Days Loan |
ՀՀ Գիտությունների ազգային ակադեմիայի հիմնարար գիտական գրադարան = Fundamental Scientific Library of NAS RA
All site content, except where otherwise noted, is licensed under a